| 000 | 00649nam a22001577a 4500 | ||
|---|---|---|---|
| 999 |
_c111128 _d111128 |
||
| 005 | 20190306104352.0 | ||
| 008 | 190306b ||||| |||| 00| 0 eng d | ||
| 040 | _cPK-LaUMT | ||
| 082 |
_a509.17671 _bFAW-A |
||
| 100 | _aFawad Sircan = فواد سرکین | ||
| 245 |
_aArz mojaz lamtahf astanbol tareekh alaloom wa altaknolojia fil islam = عرج موجز لمتحف استانبول لتاریخ العلوم والتکنوجیا فیی السلام / _cFawad Sircan = فواد سرکین |
||
| 260 |
_aTurkey : _bInstitut fur Geschichte der Arabisch-Islamischen Wissejnschyafte, _c2010 |
||
| 300 | _a214 p. | ||
| 546 | _aArabic | ||
| 942 | _cBK | ||